Word Ladder: Africa Quiz Stats

 Plays Quiz Updated Sep 8, 2019

Score 0/17 Timer 02:00
4 Plays Today
Clue 4-Letter Word % Correct
♪ It's gonna ____ a lot to drag me away from you ♪♪ TAKE ♪
96.5%
♪ I bless the rains ____ in Africa ♪♪ DOWN ♪
96.3%
Break of dayDAWN
96%
A female horseMARE
95.4%
Quasimodo's abode (with Notre)DAME
94.6%
♪ There's nothing that a hundred men or ____ could ever do ♪♪ MORE ♪
94.5%
Not wild at allTAME
94.5%
Italy's capitalROME
94.5%
Early part of day (poetic)MORN
93.4%
Clue 4-Letter Word % Correct
'____ Yankees!'DAMN
93.4%
Like freshly cut grassMOWN
91.9%
Be on time forMAKE
90.7%
♪ Gonna [RUNG 1] some ____ to do the things we never had ♪♪ TIME ♪
89.9%
Heavy bookTOME
89.9%
Carryall bagTOTE
87.3%
The ____ of the Ancient MarinerRIME
86.4%
♪ Band who brought us this masterpiece ♪♪ TOTO ♪
84.4%

Today's Daily Dose

Missing Word
Banned Books (A-Z)

Word Ladder
Janis Joplin

Get the Picture
Occupations

You're not logged in!

Compare scores with friends on all Sporcle quizzes.
OR
Log In

Sporcle TV

Today on Sporcle TV


Watch our educational content, quiz creation guides, and fun videos on Sporcle TV.

Show Comments

Extras

Top Quizzes Today


Score Distribution

Your Account Isn't Verified!

In order to create a playlist on Sporcle, you need to verify the email address you used during registration. Go to your Sporcle Settings to finish the process.

Report this User

Report this user for behavior that violates our Community Guidelines.

Details: